| 000 | 00458nam a2200133Ia 4500 | ||
|---|---|---|---|
| 008 | 200902s9999 xx 000 0 und d | ||
| 020 | _a978-971-9654-64-3 | ||
| 100 | _aFlores, Marivic F. | ||
| 245 |
_cMarivic Flores.-- _aBusiness Policy and strategy / |
||
| 260 |
_aManila : _bUnlimited Books Library Services & Publishing Inc. _c2017 |
||
| 300 |
_aviii , 175 pages : _billustrations ; _c23 cm. |
||
| 650 | _aBusiness management | ||
| 650 | _aIndustrial policy | ||
| 999 |
_c363938 _d363938 |
||